000 00421nam a2200181Ia 4500
005 20250603145354.0
008 250603s9999 xx 000 0 und d
020 _a9780862217
050 _aJQ 3083 .S25/
100 _aSaleh, Dauda
245 0 _aMilitary and politics
260 _aAbuja
260 _bCaltop Publications (Nigeria) Limited
260 _c2017
300 _a200 p
650 _aAbuja
942 _cBK
999 _c41669
_d41669